01013nam a2200229 a 450000100100000000500170001000800410002704000250006808200170009311000720011024500490018226000610023130000280029250000940032050000350041465000270044965000330047604900090050995201210051895201270063999900170076600002198620250722101745.0100915s1991 br a r 000 0 spa d aDO-SdBNPbspacBNPHU a362.29bE24p1 aFederación Internacional de las Universidades Católicas.94557610aEducar para prevenir el abuso de las drogas. aRío de Janeiro :bUniversitaria Santa Úrsula,c1991. a579 p. :bil. ;c21 cm. aEn la portada: proyecto de investigación-acción. Vivir juntos el desafio de la droga. aIncluye índice onomástico. 0aAbuso de drogas926744 4aSustancias peligrosas945577 aBNGR 001054708MOaGRbGRcCTd2010-09-15iLF1l0o362.29 E24pp21986-10r2020-06-25w2020-06-25y4ZPréstamo en sala 001054728MOaGRbGRcCTd2010-09-16iLF1l0o362.29 E24pp21986-20r2020-06-25te. 2w2020-06-25y4ZPréstamo en sala c21484d21484